| 000 | 00344nam a2200145 a 4500 | ||
|---|---|---|---|
| 001 | 5159 | ||
| 003 | CDMR | ||
| 005 | 20130319115944.0 | ||
| 008 | 130130s2007||||||||||||||||||||||||||||d | ||
| 040 |
_aCDMR _bcat _cCPC LLEIDA |
||
| 110 |
_962 _aDiari Segre |
||
| 245 | 0 | _aLleida, compromÃs de futur | |
| 260 |
_aLleida _c2007 _bSegre |
||
| 942 |
_cMON _2ddc |
||
| 999 |
_c5159 _d5159 |
||